00389pab a2200145 454500008004000000100002200040245006000062260000900122300001500131362001400146650001800160650001000178700002100188773003400209180718b1998 xxu||||| |||| 00| 0 eng d aManohar Rao, M.J. aInterest rate targeting: critical role of fiscal stance c1998 ap.2009-015 a18-24 Jul aBanks - India aBanks aRao, Shubhada M. aEconomic and Political Weekly